Northernmost to Southernmost: Africa - Statistics

General Stats
  • This quiz has been taken 31 times
    22 since last reset
  • The average score is 48 of 54
Answers on the Map
Answers color-coded by a green-red scale on the quiz's map according to % correct below.
 
Answer Stats
Answer % Correct
Algeria
100%
Cape Verde
100%
Chad
100%
Egypt
100%
Eritrea
100%
Libya
100%
Mali
100%
Mauritania
100%
Morocco
100%
Niger
100%
Senegal
100%
Sudan
100%
Tunisia
100%
Burkina Faso
93%
Cameroon
93%
Djibouti
93%
Ethiopia
93%
Gambia
93%
Guinea
93%
Guinea-Bissau
93%
Nigeria
93%
Angola
87%
Benin
87%
Burundi
87%
Central African Republic
87%
Cote d'Ivoire
87%
Democratic Republic of the Congo
87%
Equatorial Guinea
87%
Gabon
87%
Ghana
87%
Kenya
87%
Liberia
87%
Republic of the Congo
87%
Rwanda
87%
Sao Tome and Principe
87%
Seychelles
87%
Sierra Leone
87%
Somalia
87%
South Sudan
87%
Tanzania
87%
Togo
87%
Uganda
87%
Botswana
80%
Comoros
80%
Eswatini
80%
Lesotho
80%
Madagascar
80%
Malawi
80%
mauritius
80%
Mozambique
80%
Namibia
80%
South Africa
80%
Zambia
80%
Zimbabwe
80%
No matching quizzes found
Score Distribution
Percent of People with Each Score
Percentile by Number Answered
Your Score History
You have not taken this quiz since the last reset